| 000 | 00407nam a22001817a 4500 | ||
|---|---|---|---|
| 999 |
_c6400 _d6398 |
||
| 005 | 20210904102408.0 | ||
| 008 | 200521b xxu||||| |||| 00| 0 eng d | ||
| 020 | _a9789384746964 | ||
| 041 | _aeng | ||
| 082 | _a340 FIT | ||
| 100 |
_aFitzgerald , P J _95713 |
||
| 245 | _aSalmond on Jurisprudence | ||
| 250 | _a12'th ed | ||
| 260 | _aNew Delhi | ||
| 300 | _a481p. | ||
| 650 |
_aLAW _95701 |
||
| 942 | _cBK | ||